Famous People with Slavic Names - Statistics

General Stats
  • This quiz has been taken 37 times
  • The average score is 9 of 15
Answer Stats
Hint Answer % Correct
... and his third wife {Melania} Trump
97%
First gymnast to gain a perfect 10 at the Olympics {Nadia} Comăneci
84%
Donald Trump's first wife {Ivana} Trump
78%
Swedish football player with over 500 career goals {Zlatan} Ibrahimović
78%
Leader of the USSR from 1985 to its dissolution in 1991 {Mikhail} Gorbachev
75%
Czech director of "One Flew Over the Cuckoo's Nest" {Miloš} Forman
66%
Former actor and comedian who became Ukrainian President in 2019 {Volodymyr} Zelenskyy
63%
Yugoslav/Serbian president who was charged with war crimes {Slobodan} Milošević
56%
Playwright, poet, political dissident and President of the Czech Republic {Václav} Havel
53%
Actor known for her breakout role as Beth Harmon in "The Queen's Gambit" {Anya} Taylor-Joy
50%
Slovenian-born NBA player with the Dallas Mavericks and LA Lakers {Luka} Dončić
50%
Another gymnast, famous for her routines at the 1972 Munich Olympics {Olga} Korbut
41%
Daughter of Vanessa Redgrave who was killed in a 2009 skiing accident {Natasha} Richardson
34%
Russian-American inventor who designed and flew the first helicopter {Igor} Sikorsky
28%
Oldest daughter of Jim Bob and Michelle Duggar {Jana} Wissmann
6%
No matching quizzes found
Score Distribution
Percent of People with Each Score
Percentile by Number Answered
Your Score History
You have not taken this quiz